Marcatori della Roma in UEFA Champions League 2010-2011 - Statistics

Statistiche generali
  • Questo quiz è stato fatto 8 volte
  • Il punteggio medio è 7 su 11
Statistiche sulle risposte
Partita Minuto Marcatore % Corretto
Roma - Bayern Monaco 3-2 81' Daniele De Rossi
100%
Basilea - Roma 2-3 25' Francesco Totti
100%
Roma - Bayern Monaco 3-2 84' Francesco Totti
100%
Roma - Cluj 2-1 71' Marco Borriello
63%
Roma - Basilea 1-3 21' Marco Borriello
63%
Roma - Bayern Monaco 3-2 49' Marco Borriello
63%
Cluj - Roma 1-1 21' Marco Borriello
63%
Roma - Shakhtar Donestsk 2-3 28' Simone Perrotta
50%
Basilea - Roma 2-3 16' Jérémy Ménez
38%
Roma - Shakhtar Donestsk 2-3 61' Jérémy Ménez
38%
Roma - Cluj 2-1 69' Philippe Mexès
38%
Nessun quiz corrispondente trovato
Distribuzione punteggi
Percentuale di utenti per punteggio
Percentile per numero di risposta
I tuoi punteggi nel tempo
Non hai fatto questo quiz